History Quiz

Random History or Astronomy Quiz

Neil Armstrong's Moon Landing Quote Quiz Stats

 Plays Quiz Updated Feb 18, 2019

Support Sporcle.
Go Orange.
Score 0/11 Timer 01:00
5 Plays Today
% Correct
step
99.4%
for
99.2%
for
99.2%
man,
99.1%
small
98%
one
96.7%
one
96.7%
mankind
96.1%
leap
95.3%
giant
93.8%
That's
58.7%

From the Vault

Yoda Does Hollywood

by Hejman

Movies 5m
Honestly, we wish Yoda had starred in some of these. We blame George Lucas for holding him back.
Remove Ads.
Support Sporcle.
Get the best of Sporcle when you Go Orange. This ad-free experience offers more features, more stats, and more fun while also helping to support Sporcle. Thank you for becoming a member.

Show Comments

Extras

Top Quizzes Today


Score Distribution

Your Account Isn't Verified!

In order to create a playlist on Sporcle, you need to verify the email address you used during registration. Go to your Sporcle Settings to finish the process.

Report this User

Report this user for behavior that violates our Community Guidelines.

Details: